| 000 | 00508nam a2200193Ia 4500 | ||
|---|---|---|---|
| 005 | 20240908112157.0 | ||
| 008 | 230718s9999 xx 000 0 und d | ||
| 020 | _a9781447252276 | ||
| 041 | _aeng | ||
| 082 |
_a306.34 _bGOV |
||
| 100 |
_aGovindarajan V. _9112518 |
||
| 245 | _aBeyond The Idea | ||
| 260 |
_c2013 _bMacmillan |
||
| 300 | _a178 | ||
| 365 |
_cRs. _b599.00 |
||
| 700 |
_aGovindarajan V. & Trimble C. _9113175 |
||
| 906 |
_dO:0364511-Jan-2014B:442225-Oct-2013 _cGENRL _b131.78 |
||
| 942 | _cBK | ||
| 999 |
_c334637 _d334637 |
||